English social history : (Record no. 25924)
[ view plain ]
| 000 -LEADER | |
|---|---|
| fixed length control field | 00895nam a2200265 a 4500 |
| 001 - CONTROL NUMBER | |
| control field | 25924 |
| 003 - CONTROL NUMBER IDENTIFIER | |
| rucl marc code | 25994 |
| 005 - DATE AND TIME OF LATEST TRANSACTION | |
| control field | 20211209050940.0 |
| 008 - FIXED-LENGTH DATA ELEMENTS--GENERAL INFORMATION | |
| fixed length control field | 140319r19621942enkab 000 0 eng d |
| 035 ## - SYSTEM CONTROL NUMBER | |
| System control number | (BD-RjUL)25994 |
| System control number | (BD-RjUL)25994 |
| 040 ## - CATALOGING SOURCE | |
| Original cataloging agency | ZYU |
| Transcribing agency | ZYU |
| Modifying agency | BD-RjUL |
| Language of cataloging | eng |
| 041 ## - LANGUAGE CODE | |
| Language code of text/sound track or separate title | eng |
| 082 ## - DEWEY DECIMAL CLASSIFICATION NUMBER | |
| Classification number | 942 |
| Author mark and year | TRE 1962 |
| 100 1# - MAIN ENTRY--PERSONAL NAME | |
| Personal name | Trevelyan, George Macaulay, |
| Dates associated with a name | 1876-1962. |
| 9 (RLIN) | 55186 |
| 245 10 - TITLE STATEMENT | |
| Title | English social history : |
| Remainder of title | a survey of six centuries, Chaucer to Queen Victoria / |
| Statement of responsibility, etc. | by G. M. Trevelyan. |
| 260 ## - PUBLICATION, DISTRIBUTION, ETC. (IMPRINT) | |
| Place of publication, distribution, etc. | London ; |
| -- | New York : |
| Name of publisher, distributor, etc. | Longmans, Green, and Co, |
| Date of publication, distribution, etc. | 1944 [Impression 1962] |
| 300 ## - PHYSICAL DESCRIPTION | |
| Pagination | xii, 628 p. : |
| Illustrations | ill., maps ; |
| Size | 22 cm. |
| 500 ## - GENERAL NOTE | |
| General note | First published in U.S.A. and Canada, [1942] |
| General note | Includes index. |
| 651 #0 - SUBJECT ADDED ENTRY--GEOGRAPHIC NAME | |
| Geographic name | Great Britain |
| General subdivision | History. |
| 9 (RLIN) | 79652 |
| Geographic name | Great Britain |
| General subdivision | Social conditions. |
| 9 (RLIN) | 79653 |
| 942 ## - ADDED ENTRY ELEMENTS (KOHA) | |
| Source of classification or shelving scheme | Dewey Decimal Classification |
| Koha item type | Books |
| Lost status | Source of classification or shelving scheme | Damaged status | Not for loan | Collection code | Permanent Location | Current Location | Shelving location | Date acquired | Total Checkouts | Full call number | Date last seen | Copy number | Koha item type |
|---|---|---|---|---|---|---|---|---|---|---|---|---|---|
| Dewey Decimal Classification | Non-fiction | Central Library, University of Rajshahi | Central Library, University of Rajshahi | 19/03/2014 | 942 TRE 1962 | 19/03/2014 | C-7 | Books |